000 00218 a2200097 4500
001 15050
100 _aTay & thoms L Jr
245 _aOur flight to adventure
260 _aNew York
_bDoubleday
_c
090 _c11805
_d11805
942 _aNUST-CAE
_cM
_c2009
999 _c250123
_d250123